| 000 | 00864nam a2200241 i 4500 | ||
|---|---|---|---|
| 001 | bg | ||
| 003 | BPK | ||
| 005 | 20191122083042.0 | ||
| 008 | 150520s1984 pl a f 001 1 pol | ||
| 015 | _aPB 1984/5649 | ||
| 020 | _a830401422X | ||
| 040 |
_aWA N _cBPK |
||
| 080 | _a87(091)"05/14" | ||
| 100 | 1 |
_aJurewicz, Oktawiusz _d(1926- ). |
|
| 245 | 1 | 0 |
_aHistoria literatury bizantyńskiej : _bzarys / _cOktawiusz Jurewicz. |
| 260 |
_aWrocław [etc.] : _bZakład Narodowy im. Ossolińskich, _c1984. |
||
| 300 |
_a354, [1] s. : _bil. ; _c21 cm. |
||
| 504 | _aBibliogr. s. [331]-337. Indeks. | ||
| 655 | 4 |
_aLiteratura bizantyńska _xhistoria. |
|
| 710 | 2 |
_aZakład Narodowy im. Ossolińskich _bWydawnictwo _4pbl. |
|
| 856 |
_uhttp://koha.tu.koszalin.pl/cgi-bin/koha/opac-detail.pl?biblionumber=22805 _yKatalog online BPK |
||
| 942 |
_2UKD _cKS |
||
| 999 |
_c22805 _d22805 |
||